000 00773nam a2200253Ia 4500
003 OSt
005 20221005033316.0
006 a|||||r|||| 00| 0
007 ta
008 221004b |||||||| |||| 00| 0 eng d
020 _a9789387587656 (hbk)
_cINR 4000.00
024 _a41141
037 _b233, 14/01/2019, Eastern Book Linkers
_cTextual
040 _aCRL
_cCRL
_beng
041 _2eng
_aeng
082 _aV29W:71, Q9
100 _aGupta S.S. Au.
_9586007
245 0 _aArchaeology of North East India
260 _aDelhi
_bB.R. Publishing Corporation India
_c2019
300 _axxviii,288p.
_ccm.
650 _aARCHEOLOGY
942 _hV29W:71, Q9
_cTEXL
_2cc
999 _c941327
_d941327